00971nam a2200169 a 450000100100000000500170001000800410002704000250006808200150009324501470010826001570025530000210041295201190043395201130055295201190066599900170078400003216320200930063501.0110713s1992 000 spa d aDO-SdBNPbspacBNPHU axxxxbP964 0aPrograma de eventos del 1992 en la República Dominicana con motivo del Quinto Centenario del Descubrimiento y Evangelización de América. aSanto Domingo :bComisión Dominicana Permanente para la Celebración del Quinto Centenario del Descubrimiento y Evangelazación de América,c1992. a115 p. ;c23 cm. 001050718MOaGRbGRcCTd2011-07-13iLF1l0oxxxx P964p32163-30r2020-06-25te. 3w2020-06-25y1ZNo se presta 001050718MOaPDbPDcCTd2011-07-13iLF1l0oxxxx P964p32163-10r2020-06-25w2020-06-25y1ZNo se presta 001050718MOaPDbPDcCTd2011-07-13iLF1l0oxxxx P964p32163-20r2020-06-25te. 2w2020-06-25y1ZNo se presta c31654d31654